| 000 | 00499nam a2200169 i 4500 | ||
|---|---|---|---|
| 001 | 76288 | ||
| 003 | ES-MaACL | ||
| 005 | 20230906172803.0 | ||
| 007 | t| | ||
| 008 | 040930s1945 sp ||||1| spa d | ||
| 100 | 1 |
_aGuerber, Roger. _960452 |
|
| 245 | 1 | 0 |
_aMotor diesel / _cpor Roger Guerber ; [versión, José Company Bueno]. |
| 260 |
_aBarcelona : _bGustavo Gili, _c1969. |
||
| 300 |
_a232 p. : _bil. ; _c22 cm. |
||
| 700 | 1 |
_aCompany Bueno, José. _940040 |
|
| 852 |
_aES-MaACL _jC-49817 _bR.71333 |
||
| 999 |
_c76288 _d76288 |
||